Statistics for Districts of the West Midlands on a Map

Click here to take the quiz!

General Stats

  • This quiz has been taken 65 times
  • The average score is 6 of 7

Answers on the Map

Answers color-coded by a green-red scale on the quiz's map according to % correct below.
 

Answer Stats

Answer% Correct
City of Birmingham
96%
City of Wolverhampton
90%
City of Coventry
86%
Solihull
76%
Walsall
76%
Dudley
71%
Sandwell
59%

Score Distribution

Percentile by Number Answered

Percent of People with Each Score

Your Score History

You have not taken this quiz